Inclusión en la vida y la escuela: pedagogía con sentido humano

Сохранить в:
Библиографические подробности
Главный автор: López de Maturana, Silvia (autora)
Формат:
Язык:испанский
Опубликовано: La Serena Editorial Universidad de la Serena 2015
Редактирование:2a. ed
Предметы:
Метки: Добавить метку
Нет меток, Требуется 1-ая метка записи!

MARC

LEADER 00000cam a2200000 a 4500
001 UCD8752
003 CL-VaPUC
008 170519e20150100cl |||||||||||||||||spa|d
020 |a 9789567393879 
082 0 4 |a 371.952  |b LOP  |2 21 
100 |a López de Maturana, Silvia  |e autora  |9 592243 
245 1 0 |a Inclusión en la vida y la escuela: pedagogía con sentido humano 
250 |a 2a. ed 
300 |a 400 p 
942 |c BK 
945 |d 20170519 15:42:00  |a arojas 
260 |a La Serena  |b Editorial Universidad de la Serena  |c 2015 
650 0 |a Educación inclusiva   |9 560584 
650 0 |a Calidad de la educación   |9 307271 
650 0 |a Integración escolar  |9 312238 
583 |a last modification  |c 20180115 01:33:56  |k Rodrigo Vera 
999 |c 368061  |d 368059 
952 |0 0  |1 0  |3 erb  |4 0  |6 371_952000000000000_LOP_2015  |7 0  |8 A  |9 483319  |a BIBEDU  |b BIBEDU  |i 5376807  |l 4  |m 1  |o 371.952 LOP 2015  |p 5376807  |r 2024-09-11  |s 2024-09-04  |w 2019-11-24  |y BK  |z Catalogado en:20170519  |k EDI 
952 |0 0  |1 0  |3 erb  |4 0  |6 371_952000000000000_LOP_2015  |7 0  |8 A  |9 483320  |a BIBEDU  |b BIBEDU  |i 5376815  |l 3  |o 371.952 LOP 2015  |p 5376815  |r 2023-06-06  |s 2023-05-26  |w 2019-11-24  |y BK  |z Catalogado en:20170519  |k EDI